[Event "CRO-chT U20 25th"]
[Site "Sv Filip i Jakov"]
[Date "2016.03.21"]
[Round "1.2"]
[White "Samardzic, Nikola"]
[Black "Putak, Karlo"]
[Result "0-1"]
[WhiteElo "1750"]
[BlackElo "1781"]
[PlyCount "80"]
[EventDate "2016.03.21"]
[EventType "team-tourn"]
[EventRounds "9"]
[EventCountry "CRO"]
[SourceTitle "CBM 171 Extra"]
[Source "ChessBase"]
[SourceDate "2016.04.26"]
[SourceVersion "1"]
[SourceVersionDate "2016.04.26"]
[SourceQuality "1"]

1. e4 e5 2. Qh5 d6 3. Bc4 g6 4. Qf3 Nf6 5. h3 Bh6 6. Nc3 0-0 7. d3 Bg7 8. Bg5 Be6 9. Qe3 c6 10. f4 Nbd7 11. Nf3 Qe7 12. fxe5 Nxe5 13. Nxe5 dxe5 14. Bb3 Qd6 15. 0-0-0 Nd7 16. Bxe6 Qxe6 17. h4 f6 18. Bh6 b6 19. Kb1 a5 20. h5 Bxh6 21. Qxh6 g5 22. Rdf1 a4 23. Rf5 Qe7 24. Rhf1 Rf7 25. Nd1 Qc5 26. Nf2 a3 27. b3 Qd4 28. Nd1 Raf8 29. R5f3 b5 30. Rf5 Rg7 31. R5f3 c5 32. Rf5 Re8 33. R5f3 Re6 34. Rf5 Rd6 35. R5f3 f5 36. Qxd6 Qxd6 37. Rxf5 h6 38. Ne3 Qd4 39. Nd1 Re7 40. R1f2 Re8 0-1

[Event "CRO-chT U16 7th"]
[Site "Nova Gradiska"]
[Date "2012.12.28"]
[Round "3.2"]
[White "Samardzic, Nikola"]
[Black "Vucic, Mihovil"]
[Result "0-1"]
[WhiteElo "1724"]
[BlackElo "2027"]
[PlyCount "132"]
[EventDate "2012.12.27"]
[EventType "team-tourn"]
[EventRounds "5"]
[EventCountry "CRO"]
[SourceTitle "EXT 2019"]
[Source "ChessBase"]
[SourceDate "2018.10.10"]
[SourceVersion "1"]
[SourceVersionDate "2018.10.10"]
[SourceQuality "1"]

1. e4 c5 2. c3 d6 3. Nf3 Nf6 4. h3 Nc6 5. Bd3 d5 6. exd5 Nxd5 7. Bc2 e6 8. 0-0 Be7 9. d3 0-0 10. Nbd2 b6 11. Ne4 Nf6 12. Bf4 Nxe4 13. dxe4 Ba6 14. Re1 Qxd1 15. Raxd1 Rfd8 16. Bc7 Rxd1 17. Rxd1 Bc4 18. b3 Be2 19. Rd2 Bxf3 20. gxf3 Kf8 21. f4 Rc8 22. Bd6 Rd8 23. Bxe7+ Kxe7 24. Rxd8 Kxd8 25. Kf1 g6 26. Ke2 Kd7 27. Kd3 Ne7 28. a3 Kc6 29. b4 a6 30. a4 Ng8 31. Bd1 Nf6 32. Bf3 b5 33. a5 e5 34. Ke3 Nd7 35. f5 cxb4 36. cxb4 h5 37. h4 Nb8 38. fxg6 fxg6 39. Kd3 Kd6 40. Bg2 Nc6 41. Kc3 Kc7 42. Bh1 Nd4 43. Kd3 Ne6 44. Ke3 Kd8 45. Bf3 Nd4 46. Bd1 Nc6 47. f4 Ke7 48. fxe5 Nxb4 49. Kd4 Nc6+ 50. Kc5 Nxa5 51. Kb6 Nc4+ 52. Kxa6 Ke6 53. Kxb5 Ne3 54. Bf3 Kxe5 55. Kc5 Nf1 56. Kc6 Nd2 57. Bg2 Nxe4 58. Kd7 Ng3 59. Ke7 Nf5+ 60. Kf7 Nxh4 61. Ba8 Kf5 62. Kg7 Kg5 63. Kf7 Nf5 64. Ke6 Kf4 65. Kf6 g5 66. Kg6 h4 0-1

[Event "CRO-chT U16 7th"]
[Site "Nova Gradiska"]
[Date "2012.12.27"]
[Round "2.2"]
[White "Klaric, Lovre"]
[Black "Samardzic, Nikola"]
[Result "0-1"]
[WhiteElo "1481"]
[BlackElo "1724"]
[PlyCount "84"]
[EventDate "2012.12.27"]
[EventType "team-tourn"]
[EventRounds "5"]
[EventCountry "CRO"]
[SourceTitle "EXT 2019"]
[Source "ChessBase"]
[SourceDate "2018.10.10"]
[SourceVersion "1"]
[SourceVersionDate "2018.10.10"]
[SourceQuality "1"]

1. d4 d5 2. c4 e6 3. Nc3 Nf6 4. Bg5 Nbd7 5. e3 Be7 6. Nf3 c6 7. Bd3 0-0 8. 0-0 b6 9. Qc2 h6 10. Bh4 Bb7 11. Rfe1 Rc8 12. a3 c5 13. cxd5 Nxd5 14. Bxe7 Qxe7 15. Nxd5 Bxd5 16. dxc5 Bxf3 17. gxf3 Rxc5 18. Qe2 Rh5 19. f4 Qh4 20. f3 Nc5 21. Bc2 Kh8 22. Qg2 g5 23. Qg3 gxf4 24. Qxh4 Rxh4 25. e4 Rg8+ 26. Kh1 Rh3 27. Rf1 Rgg3 28. Bd1 Nd3 29. Be2 Ne5 30. Rac1 Nxf3 31. Bxf3 Rxf3 32. Rxf3 Rxf3 33. Rc7 Kg7 34. Rxa7 Re3 35. Kg1 Rxe4 36. Rb7 Re2 37. Rxb6 e5 38. a4 e4 39. a5 f3 40. a6 e3 41. h4 Rg2+ 42. Kf1 e2+ 0-1

[Event "Wch U12"]
[Site "Kemer"]
[Date "2009.11.20"]
[Round "9"]
[White "Samardzic, Nikola"]
[Black "Yankelevich, Lev"]
[Result "1/2-1/2"]
[WhiteElo "1713"]
[BlackElo "1936"]
[PlyCount "49"]
[EventDate "2009.11.12"]
[EventType "swiss"]
[EventRounds "11"]
[EventCountry "TUR"]
[SourceTitle "EXT 2010"]
[Source "ChessBase"]
[SourceDate "2010.11.25"]
[SourceVersion "1"]
[SourceVersionDate "2010.11.25"]
[SourceQuality "1"]

1. e4 Nf6 2. e5 Nd5 3. c4 Nb6 4. c5 Nd5 5. Bc4 e6 6. Nc3 Nxc3 7. dxc3 Nc6 8. Bf4 d6 9. cxd6 cxd6 10. exd6 e5 11. Bg3 Bxd6 12. Ne2 0-0 13. 0-0 Qe7 14. Re1 Qc7 15. Qc2 Bg4 16. Bd3 Bxe2 17. Rxe2 h6 18. Rae1 Rad8 19. Be4 f6 20. h4 b6 21. h5 Ne7 22. Bh4 Qd7 23. Bg3 f5 24. Qb3+ Kh8 25. Bb1 1/2-1/2

[Event "CRO-ch U13"]
[Site "Novi Vinodolski"]
[Date "2009.06.24"]
[Round "7"]
[White "Ivekovic, Bozidar1111"]
[Black "Samardzic, Nikola"]
[Result "1-0"]
[WhiteElo "1953"]
[BlackElo "1680"]
[PlyCount "47"]
[EventDate "2009.06.21"]
[EventType "swiss"]
[EventRounds "9"]
[EventCountry "CRO"]
[SourceTitle "EXT 2011"]
[Source "ChessBase"]
[SourceDate "2010.11.26"]
[SourceVersion "1"]
[SourceVersionDate "2010.11.26"]
[SourceQuality "1"]

1. e4 c6 2. d4 d5 3. exd5 cxd5 4. c4 Nf6 5. Nc3 Nc6 6. Nf3 Bg4 7. cxd5 Nxd5 8. Qb3 Bxf3 9. gxf3 Nxd4 10. Bb5+ Nc6 11. Qxd5 Qb6 12. Be3 Qc7 13. Bf4 Qb6 14. 0-0-0 Rd8 15. Qxd8+ Qxd8 16. Rxd8+ Kxd8 17. Rd1+ Kc8 18. Bxc6 bxc6 19. Ne4 h6 20. Be3 a6 21. Nc5 a5 22. Rd7 f5 23. Ra7 e5 24. Ra8+ 1-0

[Event "CRO-ch U13"]
[Site "Novi Vinodolski"]
[Date "2009.06.22"]
[Round "4"]
[White "Vrankovic, Ivan"]
[Black "Samardzic, Nikola"]
[Result "1/2-1/2"]
[WhiteElo "1760"]
[BlackElo "1680"]
[PlyCount "37"]
[EventDate "2009.06.21"]
[EventType "swiss"]
[EventRounds "9"]
[EventCountry "CRO"]
[SourceTitle "EXT 2011"]
[Source "ChessBase"]
[SourceDate "2010.11.26"]
[SourceVersion "1"]
[SourceVersionDate "2010.11.26"]
[SourceQuality "1"]

1. e4 c6 2. d4 d5 3. Nc3 dxe4 4. f3 exf3 5. Nxf3 Nf6 6. Bc4 e6 7. Bf4 Bd6 8. Ne5 0-0 9. 0-0 Nd5 10. Nxd5 cxd5 11. Bd3 Nc6 12. Rf3 Bxe5 13. dxe5 Qb6+ 14. Be3 d4 15. Bf4 Nb4 16. Rg3 g6 17. h4 Nxd3 18. Rxd3 Rd8 19. Be3 1/2-1/2

[Event "CRO-chT U20 18th"]
[Site "Sv Filip i Jakov"]
[Date "2009.04.16"]
[Round "6"]
[White "Samardzic, Nikola"]
[Black "Mravic, Filip"]
[Result "1-0"]
[WhiteElo "1679"]
[BlackElo "1808"]
[PlyCount "133"]
[EventDate "2009.04.14"]
[EventType "team-tourn"]
[EventRounds "11"]
[EventCountry "CRO"]
[SourceTitle "CBM 129 Extra"]
[Source "ChessBase"]
[SourceDate "2009.05.05"]
[SourceVersion "2"]
[SourceVersionDate "2009.05.20"]
[SourceQuality "1"]

1. e4 e6 2. d4 d5 3. Nc3 dxe4 4. Nxe4 Nf6 5. Nxf6+ Qxf6 6. Nf3 Qd8 7. Bd3 Bd6 8. 0-0 Nd7 9. Re1 Nf6 10. Bg5 h6 11. Bh4 g5 12. Bg3 Bxg3 13. hxg3 0-0 14. Qd2 Ng4 15. Rad1 Bd7 16. c3 Bc6 17. Be4 Bxe4 18. Rxe4 Nf6 19. Re5 Ng4 20. Rb5 b6 21. d5 Qf6 22. dxe6 fxe6 23. Rb4 Rad8 24. Rd4 Rxd4 25. Qxd4 Qxd4 26. Rxd4 Nf6 27. Ne5 a6 28. b3 Nd5 29. c4 Nc3 30. Rd7 Ne2+ 31. Kh2 Rxf2 32. Ng4 Rf1 33. Nxh6+ Kf8 34. Rxc7 Ra1 35. Rc6 Nd4 36. Rxb6 Rxa2 37. c5 Rc2 38. b4 a5 39. bxa5 Rxc5 40. a6 Ra5 41. Ng4 Ke7 42. Ne3 Kd8 43. Nc4 Ra4 44. Rd6+ Ke7 45. Rxd4 Rxa6 46. Kh3 Ra2 47. Rg4 Kf6 48. Nd6 Ra5 49. Rb4 Ra2 50. Re4 Rd2 51. Ne8+ Kf7 52. Nc7 Rd6 53. Nxe6 Rxe6 54. Rxe6 Kxe6 55. Kg4 Kf6 56. Kh5 Kf5 57. g4+ Kf6 58. Kh6 Kf7 59. Kxg5 Kg7 60. Kf5 Kf7 61. g5 Kg7 62. g6 Kg8 63. Kf6 Kf8 64. g4 Kg8 65. g7 Kh7 66. Kf7 Kh6 67. g5+ 1-0